| 000 | 01950nam0a2200337 4500 | ||
|---|---|---|---|
| 001 | RU\NLR\BIBL_A\011379331 | ||
| 005 | 20241103121229.0 | ||
| 010 |
_a9785876937445 _998 |
||
| 021 |
_aRU _b2017-22640 _91682 |
||
| 035 | _a(RuMoRGB)008840976 | ||
| 035 | _a(NLR Aleph) 011379331 | ||
| 090 |
_a11392142 _c11392142 |
||
| 100 | _a20170428d2014 u y0rusy50 ca | ||
| 101 | 0 | _arus | |
| 102 | _aRU | ||
| 105 | _aa z 0 zy | ||
| 200 | 1 |
_aКультура речи и деловое общение _eучебно-методическое пособие для студентов 1-го курса, обучающихся по направлению подготовки бакалавров 080100.62 "Экономика" _fВ. Г. Тропина _gМинистерство образования и науки Российской Федерации, Федеральное государственное бюджетное образовательное учреждение высшего профессионального образования "Сибирская государственная геодезическая академия" (ФГБОУ ВПО "СГГА") |
|
| 210 |
_aНовосибирск _cСГГА _d2014 |
||
| 215 |
_a59 с. _cил. _d21 |
||
| 320 | _aБиблиогр. в тексте | ||
| 606 |
_aКультура речи _jУчебно-методические пособия для высших учебных заведений _9939722 _3RU\NLR\AUTH\66347524 |
||
| 606 |
_aОбщение деловое _jУчебно-методические пособия для высших учебных заведений _91561826 _3RU\NLR\AUTH\66983574 |
||
| 686 |
_aШ141.2-937.032 _2rubbk |
||
| 686 | 1 | _aШ107.2я73 | |
| 686 | 1 | _aС550.353я73 | |
| 686 | 1 | _aС550.422.1я73 | |
| 700 | 1 |
_aТропина _bВ. Г. _gВера Геннадьевна |
|
| 942 | _cBOOK | ||
| 980 | _aNBR | ||